Geography- M - Statistics

General Stats
  • This quiz has been taken 52 times
  • The average score is 8 of 15
Answer Stats
Hint Answer % Correct
There's an annual pilgrimage to this holy city. Makkah
94%
Country formerly known as Burma. Myanmar
90%
Swedish city connected to Copenhagen via bridge. Malmö
86%
Country surrounded entirely by two great powers. Mongolia
80%
Its capital is Antananarivo. Madagascar
76%
The largest of the Balearic Islands. Mallorca
76%
Californian desert in which the hottest place on earth lies. Mojave
74%
Major Colombian city, being its 2nd largest. Medellin
68%
The largest island in the southern Philippines. Mindanao
42%
Sea separating Thrace from Anatolia. Marmara
40%
Major Venezuelan coastal city. Maracaibo
38%
Region of southeastern Czechia. Moravia
30%
The Arabic name for Egypt. Misr
20%
Powerful ancient kingdom of the Ganges plain. Magadha
4%
Ancient region spanning modern-day U.A.E. and Oman. Mazun
2%
No matching quizzes found
Score Distribution
Percent of People with Each Score
Percentile by Number Answered
Your Score History
You have not taken this quiz